| 000 | 01005cam a2200313 a 4500 | ||
|---|---|---|---|
| 942 | _cBK | ||
| 999 |
_c650 _d650 |
||
| 001 | 4453019 | ||
| 003 | OSt | ||
| 005 | 20250420134820.0 | ||
| 008 | 950728s1996 njua 001 0 eng | ||
| 010 | _a 95037473 | ||
| 020 | _a9780133720044 | ||
| 040 |
_aDLC _cKCST |
||
| 050 | 0 | 0 |
_aQA39.2 _b.B367 1996 |
| 082 | 0 | 0 |
_a510 _220 |
| 100 | 1 |
_aBarnett, Raymond A. _95198 |
|
| 245 | 1 | 0 |
_aFinite mathematics for business, economics, life sciences, and social sciences / _cRaymond A. Barnett, Michael R. Ziegler. |
| 246 | 3 | 0 | _aFinite mathematics |
| 250 |
_a7th ed. / _bwith the assistance of Karl E. Byleen. |
||
| 260 |
_aUpper Saddle River, NJ : _bPrentice Hall, _cc1996. |
||
| 300 |
_a1 v. (various pagings) : _bill. (some col.) ; _c25 cm. |
||
| 500 | _aIncludes indexes. | ||
| 650 | 0 |
_aMathematics. _9408 |
|
| 650 | 0 |
_aSocial sciences _xMathematics. _95199 |
|
| 650 | 0 |
_aBiomathematics. _95200 |
|
| 700 | 1 |
_aZiegler, Michael R. _95201 |
|
| 700 | 1 |
_aByleen, Karl E. _95202 |
|
| 942 | _2ddc | ||